| 000 | 00383nam a2200157Ia 4500 | ||
|---|---|---|---|
| 008 | 210210b1960 xxu||||| |||| 00| 0 eng d | ||
| 041 | _aeng | ||
| 082 | _a824/108 | ||
| 100 | _aEVANS (B I) | ||
| 245 | _aShakespeares comedies | ||
| 260 |
_aOxford _bAt the Clarendon Press _c1960 |
||
| 650 | _aShakespeares | ||
| 650 | _acomedies | ||
| 690 | _aEnglish Criticism | ||
| 906 | _a014062 | ||
| 999 |
_c133148 _d133148 |
||